000 00322nam a2200145Ia 4500
005 20251222152031.0
008 251222s9999||||xx |||||||||||||| ||spa||
020 _a9788431536084
082 _a635.933.73/B45
100 _aBeretta, D.
245 0 _aLas Rosas
250 _a1ra.ed.
264 _bDe Vecchi
942 _cLIB
999 _c25688
_d25688